Kịch

Đã lưu trong:
Chi tiết về thư mục
Tác giả chính: Vũ Trọng Phụng (Tác giả)
Định dạng: Sách
Ngôn ngữ:Vietnamese
Được phát hành: H. Văn học 2005
Những chủ đề:
Các nhãn: Thêm thẻ
Không có thẻ, Là người đầu tiên thẻ bản ghi này!
Thư viện lưu trữ: Mạng thư viện Đại học Đà Nẵng
LEADER 01053nam a2200337 4500
001 000005885
003 2038
005 20120409090424.0
008 110824s2005 viesd
020 |c 27000đ 
041 0 |a vie 
082 |a 895.9222  |b VU-P 
100 0 |a Vũ Trọng Phụng 
245 0 |a Kịch  |c Vũ Trọng Phụng 
260 |a H.  |b Văn học  |c 2005 
300 |a 249 tr  |b tranh  |c 19 cm 
653 |a Văn học hiện đại 
653 |a Việt Nam 
653 |a Kịch 
700 |a Vũ Trọng Phụng  |e Tác giả 
910 |a Nguyễn Thị Kim Oanh  |d 24/08/2011 
OWN |a LSP 
AVA |a UDN50  |b LSP  |d 895.9222 VU-P  |e available  |t Error 5001 Not defined in file expand_doc_bib_avail.  |f 10  |g 0  |h N  |i 0  |k 1 
999 |a From the UDN01 
AVA |a UDN50  |b LSP  |d 895.9222 VU-P  |e available  |t Error 5001 Not defined in file expand_doc_bib_avail.  |f 10  |g 0  |h N  |i 0  |k 1 
TYP |a Monograph 
TYP |a Printed language 
980 |a Mạng thư viện Đại học Đà Nẵng